| 000 | 00684nam a2200229Ia 4500 | ||
|---|---|---|---|
| 003 | OSt | ||
| 005 | 20220926031416.0 | ||
| 006 | a|||||r|||| 00| 0 | ||
| 007 | ta | ||
| 008 | 220923b |||||||| |||| 00| 0 eng d | ||
| 037 | _cGeneral Book | ||
| 040 |
_aRTL _cRTL _beng |
||
| 041 |
_2eng _aeng |
||
| 082 | _aX71:75.211.N61<--N60 t3, KO | ||
| 110 |
_aMADRAS(Govt of-), FINANCE (Dept) _9335634 |
||
| 245 | 0 | _aBudget memorandum 1960-61 | |
| 260 |
_as.l _bs.n. _c1960 |
||
| 300 |
_aiii,376p.,Appp224-p366 _ccm. |
||
| 700 |
_aMADRAS(Govt of-), FINANCE (Dept) _9335635 |
||
| 942 |
_hX71:75.211.N61<--N60 t3, KO _cGB _2CC |
||
| 999 |
_c652227 _d652227 |
||